Normal view
MARC view
Entry Personal Name
001 - CONTROL NUMBER
- control field: 44350
003 - CONTROL NUMBER IDENTIFIER
- control field: ARRUPE
005 - DATE AND TIME OF LATEST TRANSACTION
- control field: 20190201091642.0
008 - FIXED-LENGTH DATA ELEMENTS
- fixed length control field: 190201|| aca||aabn | a|a d
040 ## - CATALOGING SOURCE
- Original cataloging agency: ARRUPE
- Transcribing agency: ARRUPE
100 ## - HEADING--PERSONAL NAME
- Personal name: Woodhouse, H. C.,
- Dates associated with a name: 1919-
670 ## - SOURCE DATA FOUND
- Source citation: Work cat.: (ARRUPE)0: Woodhouse, H. C., 1919-, Archaeology in Southern Africa, [1971]